Seemingly Unrelated Trivia VI Quiz Stats

 Plays Quiz Updated Aug 20, 2018

Challenge
Share
Tweet
Embed
Score 0/5 Timer 02:00
0 Plays Today
Question Answer % Correct
This element's name in Latin was aurumgold
85%
This city is the largest in the state of NebraskaOmaha
79.6%
A claymore, a bilbo, a falchion, a kukri or a cutlass is each an example of thissword
73%
This is the only U.S. state with a 3-word long capitalUtah
65.8%
This Goddess is the wife of JupiterJuno
53.8%

You're not logged in!

Compare scores with friends on all Sporcle quizzes.
OR
Log In

You Might Also Like...

Show Comments

Extras

Top Quizzes Today


Score Distribution

Your Account Isn't Verified!

In order to create a playlist on Sporcle, you need to verify the email address you used during registration. Go to your Sporcle Settings to finish the process.

Report this User

Report this user for behavior that violates our Community Guidelines.

Details: